| 000 | 00530nam a2200193Ia 4500 | ||
|---|---|---|---|
| 999 |
_c15027 _d15027 |
||
| 003 | OSt | ||
| 005 | 20201113154034.0 | ||
| 008 | 190216s9999||||xx |||||||||||||| ||und|| | ||
| 020 | _a9788129707727 | ||
| 040 | _coclc | ||
| 082 |
_a425 _bKUM/L |
||
| 100 |
_aKumar, Shiv _93483 |
||
| 245 | 0 |
_aLearn Correct English / _cShiv K Kumar ; Hemalatha Nagarajan |
|
| 250 | _a1st Ed. | ||
| 260 |
_bLongmans, _c2005. _aNew delhi: |
||
| 300 | _a203p | ||
| 650 | _aEnglish | ||
| 942 |
_cBK _2ddc _h425 _iKUM/L _k425 _mKUM/L |
||